| Tag |
First Indicator |
Second Indicator |
Subfields |
| LEADER |
00000cam a2200000 a 4500 |
| 001 |
in00004362000 |
| 005 |
20211230122313.0 |
| 008 |
050930s2004 enk 000 f eng |
| 035 |
|
|
|a (OCoLC)ocm62178106
|
| 040 |
|
|
|a UKM
|b eng
|c UKM
|d OCLCQ
|d UKMGB
|d TXA
|
| 015 |
|
|
|a GBA590638
|2 bnb
|
| 016 |
7 |
|
|a 013321279
|2 Uk
|
| 020 |
|
|
|a 0955134102
|q (pbk.)
|
| 020 |
|
|
|a 9780955134104
|q (pbk.)
|
| 035 |
|
|
|a (OCoLC)62178106
|
| 042 |
|
|
|a ukblsr
|
| 082 |
0 |
4 |
|a 823.92
|2 22
|
| 090 |
|
|
|a PR6113.C3798
|b I5 2004
|
| 049 |
|
|
|a TXAM
|
| 100 |
1 |
|
|a McDowell, J. R.,
|e author.
|
| 245 |
1 |
0 |
|a I laughed the day I died /
|c J.R. McDowell.
|
| 264 |
|
1 |
|a London :
|b J.R. McDowell,
|c [2004]
|
| 264 |
|
3 |
|a York :
|b York Publishing Services
|
| 264 |
|
3 |
|a Reading :
|b Cox & Wyman Limited
|
| 300 |
|
|
|a 423 pages ;
|c 20 cm
|
| 336 |
|
|
|a text
|b txt
|2 rdacontent
|
| 337 |
|
|
|a unmediated
|b n
|2 rdamedia
|
| 338 |
|
|
|a volume
|b nc
|2 rdacarrier
|
| 500 |
|
|
|a The Cushing Library/Women & Gender Studies copy was acquired as part of The Don Kelly Research Collection of Gay Literature and Culture.
|5 TXA
|
| 500 |
|
|
|a The Cushing Library/Women & Gender Studies copy is inscribed by the author.
|
| 541 |
0 |
|
|a Donated by Don Kelly
|d 20150929
|
| 655 |
|
7 |
|a Humorous fiction.
|2 gsafd
|
| 655 |
|
7 |
|a Humorous fiction.
|2 lcgft
|
| 655 |
|
7 |
|a Ghost stories.
|2 lcgft
|
| 994 |
|
|
|a C0
|b TXA
|
| 948 |
|
|
|a cataloged
|b h
|c 2021/11/29
|d c
|e nbehmer
|f 10:03:54 am
|
| 999 |
f |
f |
|s 6363e8cd-627d-3db1-af48-c361b75196ec
|i ac3dff23-b371-35f4-8b3a-ba93ae14af1b
|t 0
|
| 952 |
f |
f |
|p noncirc
|a Texas A&M University
|b College Station
|c Cushing Memorial Library & Archives
|d Cushing: Women & Gender Studies (Does not check out)
|t 0
|e PR6113.C3798 I5 2004
|h Library of Congress classification
|i unmediated -- volume
|
| 998 |
f |
f |
|a PR6113.C3798 I5 2004
|t 0
|l Cushing: Women & Gender Studies (Does not check out)
|